Narratives from the margins : (Record no. 72242)

MARC details
000 -LEADER
fixed length control field 01061nam a22002777a 4500
005 - DATE AND TIME OF LATEST TRANSACTION
control field 20121218113918.0
008 - FIXED-LENGTH DATA ELEMENTS--GENERAL INFORMATION
fixed length control field 121218t xxu||||| |||| 00| 0 eng d
010 ## - LCCN (DPL NO)
LC control number ENG-106381
020 ## - INTERNATIONAL STANDARD BOOK NUMBER
International Standard Book Number 9789380607108
Terms of availability 995.00
035 ## - SYSTEM CONTROL NUMBER
System control number EN-89914
037 ## - SOURCE OF ACQUISITION
Source of stock number/acquisition DBAD/PUB
040 ## - CATALOGING SOURCE
Original cataloging agency DPL
Language of cataloging ENG
082 ## - DEWEY DECIMAL CLASSIFICATION NUMBER
Classification number 954
245 00 - TITLE STATEMENT
Title Narratives from the margins :
Remainder of title aspects of adivasi history in India /
Statement of responsibility, etc edited by Sanjukta Das Gupta [and] Raj Sekhar Basu
260 ## - PUBLICATION, DISTRIBUTION, ETC. (IMPRINT)
Place of publication, distribution, etc New Delhi
Name of publisher, distributor, etc Primus Books
Date of publication, distribution, etc 2012
270 ## - ADDRESS
Address Virat Bhavan, Mukherjee Nagar Commercial Complex
City Delhi
Postal code 110009
300 ## - PHYSICAL DESCRIPTION
Extent xiii, 298 p. :
Other physical details ill.
Dimensions 25cm(Hb)
500 ## - GENERAL NOTE
General note Includes bibliographical references (p. 275-289) and index.
520 ## - SUMMARY, ETC.
Summary, etc Contributed articles.
650 #0 - SUBJECT ADDED ENTRY--TOPICAL TERM
Topical term or geographic name as entry element Adivasis
Geographic subdivision India
General subdivision History.
9 (RLIN) 54389
700 1# - ADDED ENTRY--PERSONAL NAME
Personal name Das Gupta, Sanjukta
9 (RLIN) 54390
700 1# - ADDED ENTRY--PERSONAL NAME
Personal name Basu, Raj Sekhar
9 (RLIN) 54391
942 ## - ADDED ENTRY ELEMENTS (KOHA)
Source of classification or shelving scheme Dewey Decimal Classification
Item type English Books
Classification part 954
Call number suffix NAR
Holdings
Withdrawn status Lost status Source of classification or shelving scheme Damaged status Not for loan Collection code Home library Current library Date acquired Cost, normal purchase price Total Checkouts Full call number Barcode Date last seen Cost, replacement price Koha item type
    Dewey Decimal Classification     Non-fiction D.B.Act.Division D.B.Act.Division 18/12/2012 995.00   954 NAR EN-89914 18/12/2012 995.00 English Books

© Delhi Public Library
Hit Counter
free hit counter